00161nam a2200073Ia 4500008004100000020001800041100001700059245001100076230331s9999 xx 000 0 und d a9780636007581 aK.S. BONGELA 0aINKABA